Sports Quiz

Random Sports or NHL Quiz
Score 0/37 Timer 14:00
0 Plays Today
Team NHL Player % Correct
Montreal CanadiensCarey Price
94.2%
St Louis BluesAlex Pietrangelo
94.2%
Boston BruinsDavid Pastrnak
92.8%
Ottawa Senators/New York IslandersJean-Gabriel Pageau
88.4%
Tampa Bay LightningOndrej Palat
88.4%
Pittsburgh PenguinsMarcus Pettersson
87%
Vancouver CanucksElias Pettersson
87%
New Jersey DevilsKyle Palmieri
84.1%
St Louis Blues Colton Parayko
84.1%
Minnesota WildZach Parise
82.6%
Tampa Bay LightningBrayden Point
82.6%
Montreal CanadiensJeff Petry
81.2%
Winnipeg JetsNeal Pionk
81.2%
Philadelphia FlyersIvan Provorov
79.7%
Vegas Golden KnightsMax Pacioretty
79.7%
St Louis BluesDavid Perron
75.4%
New York RangersArtemi Panarin
72.5%
New York IslandersRyan Pulock
69.6%
Dallas StarsJoe Pavelski
68.1%
Team NHL Player % Correct
Carolina HurricanesBrett Pesce
65.2%
Dallas StarsCorey Perry
59.4%
Philadelphia FlyersNolan Patrick
59.4%
Winnipeg JetsMathieu Perreault
58%
Vancouver CanucksTanner Pearson
55.1%
New York IslandersAdam Pelech
50.7%
Chicago Blackhawks/Detroit Red WingsBrendan Perlini
43.5%
Tampa Bay LightningCedric Paquette
43.5%
Washington CapitalsRichard Panik
40.6%
Dallas StarsRoman Polak
36.2%
Winnipeg JetsTucker Poolman
33.3%
Florida PanthersMark Pysyk
29%
Minnesota WildGreg Pateryn
27.5%
Edmonton OilersJoel Persson
24.6%
Buffalo SabresLawrence Pilut
23.2%
Philadelphia FlyersTyler Pitlick
23.2%
Vegas Golden KnightsBrandon Pirri
23.2%
San Jose SharksDalton Prout
21.7%
Remove Ads.
Support Sporcle.
Get the best of Sporcle when you Go Orange. This ad-free experience offers more features, more stats, and more fun while also helping to support Sporcle. Thank you for becoming a member.

You're not logged in!

Compare scores with friends on all Sporcle quizzes.
OR
Log In

Sporcle TV

Today on Sporcle TV


Watch our educational content, quiz creation guides, and fun videos on Sporcle TV.

Show Comments

Extras

Top Quizzes Today


Score Distribution

Paid Content

Your Account Isn't Verified!

In order to create a playlist on Sporcle, you need to verify the email address you used during registration. Go to your Sporcle Settings to finish the process.

Report this User

Report this user for behavior that violates our Community Guidelines.

Details: